000 00508nam a2200181Ia 4500
003 GCL
008 140319s9999 xx 000 0 ara d
040 _aGCL /
_cGCL
082 0 4 _a811.009
_bم م
100 1 _aمعيض بن على البخثيان
245 1 0 _aموقف وقضايا نقدية /
_cمعيض بن على البخثيان
300 _a315 ص
490 _a
650 0 4 _aالشعر العربى
650 0 4 _aالادب العربى
650 0 4 _aتاريخ ونقد
942 _2ddc
_cBK
999 _c45105
_d45105